| 000 | 00338nam a22001457a 4500 | ||
|---|---|---|---|
| 003 | OSt | ||
| 005 | 20231202043454.0 | ||
| 008 | 231202b |||||||| |||| 00| 0 eng d | ||
| 040 | _cIIMT UNIVERSITY | ||
| 100 | _aSHANKAR, BHASHYA | ||
| 245 | _aKATHOPNISHAD | ||
| 260 |
_aGORAKHPUR _bGEETA PRESS _cS.2052 |
||
| 300 | _a196 | ||
| 942 |
_2ddc _c09 |
||
| 999 |
_c57738 _d57738 |
||